[Event "Paris FIDE GP"]
[Site "Elancourt"]
[Date "2013.09.22"]
[Round "1"]
[White "Gelfand, Boris"]
[Black "Giri, Anish"]
[Result "1-0"]
[WhiteElo "2764"]
[BlackElo "2737"]
[Annotator "Postny,E"]
[PlyCount "106"]
[EventDate "2013.09.22"]
[EventType "tourn"]
[EventRounds "11"]
[EventCountry "FRA"]
[EventCategory "20"]
[SourceTitle "CBM 157"]
[Source "ChessBase"]
[SourceDate "2013.11.12"]
[SourceVersion "1"]
[SourceVersionDate "2013.11.12"]
[SourceQuality "1"]

1. d4 d5 2. c4 c6 3. Nf3 Nf6 4. e3 Bf5 5. Nc3 e6 6. Nh4 Be4 7. f3 Bg6 8. Qb3
Qc7 (8... Qb6 {is another option, but normally after the exchange of queens
White can achieve a slight pull without any risk.}) 9. Bd2 Be7 10. g3 ({
A few rounds later Giri played another game in this line:} 10. Nxg6 hxg6 11.
O-O-O dxc4 12. Bxc4 b5 13. Bd3 a6 14. Kb1 c5 15. dxc5 Nbd7 16. Ne4 Nxe4 17.
Bxe4 Nxc5 18. Qc3 Bf6 19. Qc2 Rc8 $11 {1/2-1/2 (43) Wang Hao (2736)-Giri,A 
(2737) Elancourt FRA 2013}) 10... O-O 11. Rc1 Qd7 $1 $146 {Normally this
square belongs to the queenside knight, but Black needs to move his queen away
from the x-ray of White's rook.} (11... dxc4 12. Bxc4 b5 13. Nxg6 hxg6 14. Bd3
a6 15. g4 $2 (15. a4 $14 {White must fight against the strike c6-c5.}) 15... c5
16. dxc5 Nbd7 $15 {1/2-1/2 (20) Bacrot,E (2705)-Magem Badals,J (2470) Evry 2008
}) 12. Nxg6 hxg6 13. Bh3 $6 {It makes sense to pin the e-pawn in order to
prevent the advance e6-e5. However, Black still has the idea c6-c5 at his
disposal and after opening up the position the bishop on h3 may become out of
play.} (13. Be2 {is more natural.} dxc4 14. Qxc4 Rd8 15. Nb1 $1 {At first
sight it's strange to move the knight back to its initial square, but it's
really important for White to fight against the advance c6-c5, and, at the
same time to protect the Bd2.} (15. Rd1 b5 16. Qb3 a6 17. a4 b4 18. Ne4 Nxe4
19. fxe4 c5 $132) (15. b4 $2 e5 $17) (15. Kf2 c5 16. Rhd1 cxd4 17. Qxd4 Qxd4
18. exd4 Nc6 19. Be3 Nb4 $11) 15... Na6 16. Qa4 Nc7 17. O-O {I don't claim
that White is better, but as long as he has space superiority, he keeps some
pressure.}) 13... dxc4 14. Qxc4 Rd8 {Now Black is threatening c6-c5. Actually,
it was also possible to play it immediately.} (14... c5 15. dxc5 Rd8 16. Rd1
Qc6 17. O-O Bxc5 $11) 15. b4 (15. Rd1 Na6 16. O-O c5 $11) (15. Nb1 $6 {Now
this idea is not very good as the light squared bishop is away from the
queenside.} Na6 16. Qa4 c5 $11) 15... a5 16. b5 Bb4 {[%csl Rb5]} 17. bxc6 bxc6
(17... Nxc6 18. O-O (18. Kf2 Rac8 19. Qb5 Qd6 $15) 18... Rac8 19. Qe2 Nd5 $132)
18. Na4 $6 {White doesn't have time to castle, but it was preferable to
simplify the position by 18.Ne4. Basically, Black is the side that is looking
for chances to exert pressure.} (18. Ne4 Qe7 19. O-O Nbd7 20. Rfd1 c5 $11) (18.
O-O $6 c5 $15) 18... Qe7 (18... Qa7 $1 {The queen is well placed here,
pressing along the diagonal a7-g1:} 19. Rc2 Na6 20. Ke2 (20. O-O c5 $15) 20...
c5 21. Nxc5 Nxc5 22. Bxb4 axb4 23. dxc5 Nd5 $17) 19. Rc2 Nbd7 20. Kf2 Nd5 $6 {
It was preferable to swap bishops.} (20... Bxd2 21. Rxd2 c5 22. Rhd1 cxd4 23.
Qxd4 Rdb8 24. Qd6 Qxd6 25. Rxd6 Rb4 26. R6d4 $11) 21. Bc1 $1 ({The pawn is
untouchable:} 21. Qxc6 $4 Bxd2 22. Rxd2 Qa3 23. Re1 Nb4 24. Qb5 Rab8 25. Qxa5
Ra8 $19) 21... Rab8 22. e4 (22. Qxc6 $2 {is bad again, but the variations are
more complicated:} Qe8 $1 {[%cal Gd8c8]} 23. Qc4 Rdc8 24. Qe2 (24. Qd3 $2 Ne5
$1 25. dxe5 Be1+ $1 26. Rxe1 Nb4 27. Qd6 Rxc2+ 28. Kg1 Rc6 29. Qd1 Rd8 30. Qb3
Nd3 $19) 24... Ne5 $1 {[%csl Ra4]} 25. Nc5 (25. dxe5 $2 Qxa4 26. Rb2 Nc3 27.
Qd3 Rd8 28. Qc2 Rbc8 29. Qxa4 Nxa4 30. Re2 Nc3 31. Ree1 Nxa2 $19) 25... Bxc5
26. dxc5 Qa4 $17) 22... N5b6 23. Nxb6 Nxb6 24. Qa6 Rxd4 $1 {This is an
exchange sacrifice - the best decision.} 25. Be3 c5 (25... Qd6 26. Bxd4 Qxd4+
27. Kg2 c5 $44) 26. Bxd4 cxd4 27. Rhc1 Bc3 $44 28. Rb1 Qd8 $2 {Wrong square.
It was important to put the queen on the c-file, creating a threat along the
way.} (28... Qc7 {[%csl Rc2][%cal Gc3e1]} 29. Kg1 Nc4 30. Rxb8+ Qxb8 31. Bf1
Ne3 32. Rf2 Nd1 $11) 29. Bf1 {Now White is just in time to consolidate his
forces and the extra exchange becomes a serious factor.} Nd7 30. Rxb8 Qxb8 31.
Qb5 Qc7 32. Bd3 Ne5 33. Ke2 Kh7 ({Here and on the next few moves it was
logical to play} 33... g5 {Later on if White plays f3-f4, his king will become
vulnerable.}) 34. Rc1 Qd6 35. Rb1 Bb4 36. Rc1 Bc3 37. Rb1 Bb4 38. f4 Nd7 (38...
Nxd3 39. Kxd3 f5 40. Rb3 fxe4+ 41. Kxe4 {The king is pretty safe in the centre
of the board! Still, it was the lesser evil for Black.}) 39. Rc1 $2 (39. h4 $1
$18 {[%cal Gh4h5]}) 39... Bc3 $2 {Missing a chance in time-trouble.} ({After} 
39... Nc5 40. h4 e5 {matters could become very unclear.} 41. Qe8 exf4 42. Qxf7
Qe5 $132) 40. Rb1 Bb4 41. h4 {After the time-control is passed, Boris could
figure out the right path to victory.} e5 42. Qd5 exf4 $6 {After the exchange
of queens Black is completely lost.} ({It was more resilient was to keep the
queens on the board:} 42... Qe7 43. h5 (43. a3 Bd6) 43... g5) 43. Qxd6 Bxd6 44.
gxf4 Bxf4 45. Rb5 Ne5 46. Rxa5 f6 47. a4 {This passed pawn decides the game
easily.} g5 48. hxg5 fxg5 49. Rb5 g4 50. a5 g3 51. a6 Nxd3 52. Kxd3 g2 53. Rb1
Bb8 1-0

[Event "Bayern-chI Bank Hofmann 10th"]
[Site "Bad Wiessee"]
[Date "2006.11.09"]
[Round "6"]
[White "Laylo, Darwin"]
[Black "Postny, Evgeny"]
[Result "0-1"]
[WhiteElo "2448"]
[BlackElo "2609"]
[Annotator "Postny,E"]
[PlyCount "104"]
[EventDate "2006.11.04"]
[EventType "swiss"]
[EventRounds "9"]
[EventCountry "GER"]
[SourceTitle "EXT 2007"]
[Source "ChessBase"]
[SourceDate "2006.11.23"]
[SourceVersion "1"]
[SourceVersionDate "2006.11.23"]
[SourceQuality "1"]

1. d4 d5 2. Nf3 c6 3. e3 Bf5 4. c4 e6 5. Nc3 Nd7 6. Bd3 {My opponent does not
bother himself with any attempts to fight for an opening advantage, just
trying to simplify the game as much as possible.} Bxd3 7. Qxd3 Ngf6 8. O-O Be7
(8... Bb4 9. Bd2 a5 10. a3 Be7 11. Rfd1 O-O 12. e4 dxe4 13. Nxe4 Nxe4 14. Qxe4
Nf6 $6 (14... Bf6 $142) 15. Qe2 Qb6 16. Bg5 Rfe8 17. Ne5 Qa6 18. Rd3 Rad8 19.
Re1 b5 20. Rh3 Rxd4 21. Bxf6 Bxf6 22. Rxh7 Bxe5 23. Qh5 g6 24. Qxe5 Kxh7 25.
Qxd4 $16 {1/2-1/2 Arencibia,W (2530)-Dominguez,L (2658)/Havana 2005/CBM 107 
(47)}) 9. b3 O-O 10. Bb2 Qa5 (10... Qc7 {is normal as well.}) 11. e4 dxe4 12.
Nxe4 Nxe4 13. Qxe4 {White has a bit more space, but black's position is out of
weaknesses. The chances are equal.} Bf6 {I think that this move is better than
the tempting 13...Nf6. It is important to neutralise the white bishop and at
the same time to put a pressure on Pd4.} 14. a3 Rfd8 15. b4 {I wanted to
provoke this move, which might weaken the Pc4.} (15. Rfd1 $11) 15... Qc7 16.
Rac1 $6 {Inaccuracy. Since the "a" file is going to be open, White needs to
keep the rook on a1.} (16. Rfd1 {would have been more to the point.}) 16... a5
17. Bc3 axb4 18. axb4 Ra3 {I occupy the "a" file, but it does not bring me any
clear benefits, the position remains about equal.} 19. Qc2 Rda8 20. Bb2 Ra2 21.
Ra1 Qb6 22. Qb3 Rxa1 (22... Qa6 $6 23. Rxa2 Qxa2 24. Qc3 {[%cal Gf1a1] and
Black has to retreat.}) 23. Rxa1 Rxa1+ 24. Bxa1 Qa6 25. Bc3 Nb6 26. b5 $2 {
[%mdl 16384] My opponent lost his patience.} (26. Nd2 Bg5 27. Ne4 Be7 28. Nd2
Qa4 29. c5 Qxb3 30. Nxb3 Nd5 31. Bd2 $11) 26... cxb5 27. cxb5 Qa8 {Black has
now clear, long-term advantage thanks to a superb d5 outpost and white's weak
central pawn.} 28. h3 Qc8 29. Qa3 Nd5 30. Bd2 h6 31. Qd3 Qc7 32. g4 $1 Qb6 $2 {
Too straightforward. In the game it worked.} (32... Qd8 $17) 33. Qc4 $2 {
The threat of a check on c8 is imaginary.} ({It necessary to be consequent:} 
33. h4 $1 Nc7 (33... Be7 34. g5 hxg5 35. hxg5 g6 36. Ne5 $132 {[%csl Rf7,Rg6]
[%cal Gd3f3]}) 34. g5 hxg5 35. hxg5 Be7 36. g6 Qxb5 37. Qc2 $1 (37. gxf7+ Kxf7
38. Ne5+ Kg8 39. Qg6 Qe8 $17) 37... Bd8 38. gxf7+ Kxf7 39. Ne5+ Kg8 40. Ba5 $3
Qxa5 41. Qg6 Qe1+ 42. Kg2 {and Black is not able to avoid perpetual check.})
33... Nc7 {I suppose that my opponent simply overlooked this move. White loses
the Pb5 without any compensation.} 34. Bf4 (34. Ne5 Bxe5 (34... Nxb5 $6 35. Nd7
Qc6 36. Nxf6+ gxf6 37. Qb4 $132 {[%csl Rg8,Rh6][%cal Gb4e7]}) (34... Bd8 $1 {
[%csl Rb5] is the safest way.}) 35. dxe5 Nxb5 36. Qc8+ Kh7 37. Qd7 Nd4 38. Qxf7
Qb1+ 39. Kh2 Ne2 40. Kg2 Qg1+ 41. Kf3 Qf1 $1 $40 {As usual, queen + knight is
a dangerous tandem.}) 34... Nxb5 35. Qc8+ Kh7 36. d5 (36. Qc2+ g6 $19) 36...
exd5 37. Qf5+ Kg8 38. Qxd5 Nc3 39. Qc4 Qb1+ 40. Kg2 Qe4 41. Qc8+ ({The endgame
after} 41. Qxe4 Nxe4 {[%csl Gb7] is won for Black.}) 41... Kh7 42. Bd2 Nb5 43.
Be3 Nd6 44. Qc7 Nc4 45. Bf4 b5 {Black is a pawn up and his pieces are
harmoniously placed. The "b" pawn decides the game, unless there will
something quicker...} 46. Kg3 Qd5 47. h4 Bd8 48. Qb8 Be7 49. g5 Nd6 $1 50. gxh6
Nf5+ 51. Kg4 Nxh6+ 52. Bxh6 f5+ {Winning the queen.} (52... Qd7+ {was good
enough as well.}) 0-1

[Event "Rohde op 08th"]
[Site "Sautron"]
[Date "2008.11.01"]
[Round "9"]
[White "Maiorov, Nikita"]
[Black "Gagunashvili, Merab"]
[Result "1/2-1/2"]
[WhiteElo "2530"]
[BlackElo "2576"]
[Annotator "Primel,D"]
[PlyCount "50"]
[EventDate "2008.10.25"]
[EventType "swiss"]
[EventRounds "9"]
[EventCountry "FRA"]
[SourceTitle "EXT 2009"]
[Source "ChessBase"]
[SourceDate "2008.11.26"]
[SourceVersion "1"]
[SourceVersionDate "2008.11.26"]
[SourceQuality "1"]

1. d4 d5 2. c4 c6 3. Nf3 Nf6 4. e3 Bf5 (4... e6 {Lafuente,P (2522)
-Gagunashvili,M (2576) Rohde op 8th 2008 (6.1) 1/2}) 5. Bd3 {Cette ancienne
ligne était populaire dans les années 90 mais elle est maintenant beaucoup
moins jouée а haut niveau par rapport а la suite 5. Nc3, suivi de Nh4
attaquant le Bd3 et qui donne des positions plus déséquilibrées avec des
chances réciproques} (5. Nc3 e6 6. Nh4 {plus populaire actuellement} Bg6 7.
Nxg6 hxg6 8. g3 Nbd7 9. Bg2 dxc4 10. Qe2 Be7 11. Qxc4 e5 12. O-O $14 {[%csl
Gc1,Gg2];Tregubov,P (2556)-Carlsen,M (2625) Reykjavik op 22nd 2006 (4) 1/2})
5... Bxd3 {Etant en tête du tournoi dans cette dernière ronde avec les noirs,
le géorgien n'a aucune raison de ne pas choisir cette ligne annulante. En fait,
c'était peut-être un mauvais choix de ne pas voulouir jouer pour le gain car
le MI VOCATURO qui faisait partie des 3 joueurs en tête après la 8ème ronde
avec ces deux GMI, va remporter sa partie et corrélativement le tournoi!} 6.
Qxd3 e6 7. Nc3 Be7 {trés peu joué mais le géorgien avait utilisé cette
variante quelques mois plus tôt contre GUREVICH} (7... Bb4 $142 {[%csl Ge4]})
8. O-O Nbd7 9. e4 (9. b3 O-O 10. Bb2 Qa5 11. a3 {[%cal Gb3b4]} Rfd8 {
Bondarevsky,I-Alatortsev,V URS-ch16 Moscow 1948 (12) 1-0}) 9... Nxe4 10. Nxe4
dxe4 11. Qxe4 O-O (11... Nf6 $143 12. Qe2 {[%csl Ge5]}) 12. Bf4 {[%csl Ge5]} a5
{[%cal Ga5a4]} (12... Qa5 13. Rfd1 Rfe8 14. a3 Qh5 15. h3 Qg6 16. Qe2 Qf5 17.
Bg3 Rad8 18. Rac1) 13. Rfd1 a4 {Gagnant de l'espace а l'aile-dame pour faire
pression sur "b2" tout en obtenant la case "a5" pour une pièce.} 14. h3 (14.
Rab1 Qa5 15. h3 Rfe8 16. Qc2 h6 17. b3 axb3 18. axb3 Red8 19. Bc1 Bd6 20. Bb2
Qh5 21. Ra1 Nf8 22. Rxa8 Rxa8 23. Qc3 Be7 24. Kh2 Qf5 25. Qd3 Qxd3 26. Rxd3 Ra2
27. Rd2 Bb4 28. Bc3 Bd6+ {Portisch,L (2600)-Gurevich,M (2605)/Jakarta 1996/CBM
056/[Gurevich,M]/1/2-1/2 (57)}) (14. Ne5 Nxe5 15. Bxe5 Qd7 16. Rd3 f6 17. Bf4
Rfe8 18. Rad1 Bf8 19. Qe2 b5 20. b3 axb3 21. axb3 bxc4 {1/2-1/2 Gagunashvili,M
(2566)-Gurevich,M (2631)/Istanbul 2008/CB34}) 14... Qa5 $132 15. Rac1 Rfe8 16.
Bd2 $146 ({RR} 16. Qc2 h6 17. c5 Red8 18. Nd2 b5 19. Ne4 Nf6 20. Bd6 Bxd6 21.
Nxf6+ gxf6 22. cxd6 Rxd6 23. Qe4 Qd8 24. Rxc6 Rxc6 25. Qxc6 Qd5 26. Qxd5 exd5
27. Rc1 a3 28. bxa3 Rxa3 29. Rc8+ Kg7 30. Rc5 b4 {Ivanov,M (2445)-Rausis,I 
(2490)/Germany 1998/EXT 1999/1/2-1/2 (41)}) 16... Bb4 17. Bxb4 Qxb4 18. Rc2 $11
Nf6 19. Qe2 Rad8 20. Rcd2 {Il est difficile pour les deux camps de progresser
et malgré un avantage d'espace des blancs, la percée centrale est risquée} Nd7
(20... c5 $143 21. dxc5 Rxd2 22. Rxd2 Qxc5 23. Ne5 $14) 21. Rc2 (21. Ne5 a3 (
21... Nxe5 22. dxe5 {[%csl Gd6]} Rxd2 23. Rxd2 a3 24. b3 Qc3 25. Rd7 {[%csl
Rb7,Rf7]} Qb2 $1 {[%csl Ra2]} 26. Rd2 (26. Kf1))) 21... Qa5 22. Rcd2 {Répète
les coups pour passer le seuil des 25 coups rendus obligatoires par le
réglement du tournoi pour proposer la nulle. Le géorgien avait déjà reçu un
avertissement oral lors d'une ronde précédente pour ne pas avoir respecter
cette règle subordonnée également а un minimum de 2h de jeu.} Qb4 23. Rc2 Qa5
24. Rcd2 Qb4 25. Rc2 Qa5 1/2-1/2

[Event "Rohde op 10th"]
[Site "Sautron"]
[Date "2010.10.29"]
[Round "8"]
[White "Piasetski, Leon David"]
[Black "Koziak, Vitali"]
[Result "0-1"]
[WhiteElo "2303"]
[BlackElo "2467"]
[Annotator "Primel,D"]
[PlyCount "42"]
[EventDate "2010.10.23"]
[EventType "swiss"]
[EventRounds "9"]
[EventCountry "FRA"]
[SourceTitle "EXT 2012"]
[Source "ChessBase"]
[SourceDate "2011.11.24"]
[SourceVersion "1"]
[SourceVersionDate "2011.11.24"]
[SourceQuality "1"]

1. Nf3 {01h30+30s} d5 2. d4 Nf6 3. c4 c6 4. e3 Bf5 5. Nc3 e6 6. Nh4 Be4 7. f3
Bg6 8. g3 {une ligne secondaire} ({RR} 8. Bd2 Nbd7 9. Qb3 Qc7 10. O-O-O Be7 11.
cxd5 Nxd5 12. Nxg6 hxg6 13. e4 Nxc3 14. Bxc3 O-O-O 15. g3 Kb8 16. Kb1 Nb6 17.
Be2 Nc8 18. f4 Nd6 19. Bd3 Qb6 20. Qxb6 axb6 21. h4 Ne8 22. Rh2 b5 {Kramnik,V 
(2766)-Vallejo Pons,F (2679)/Monte Carlo 2007/CBM 117 ext/1/2-1/2 (36)}) (8.
Qb3 {[%csl Rb7] la ligne critique} Qc7 (8... Qb6) 9. Bd2 Be7 10. cxd5 cxd5 11.
O-O-O $5 $14 {Grachev,B (2669)-Hauchard,A (2528) Biel MTO 42nd 2009 (3) 1-0})
8... c5 $146 ({RR} 8... Be7 9. Bd2 Nbd7 10. Qb3 Qb6 11. Qxb6 axb6 12. cxd5 Nxd5
13. Nxg6 hxg6 14. e4 Nxc3 15. Bxc3 b5 16. Be2 O-O 17. Bd1 Rfd8 18. Ke2 Nb6 19.
Bb3 b4 20. Bd2 Na4 21. Rab1 Rxd4 22. Be3 Rdd8 23. Rhd1 {Grigoriants,S (2591)
-Bareev,E (2653)/Serpukhov 2007/EXT 2008/1/2-1/2}) 9. cxd5 {09""} exd5 {10""}
10. Qb3 Qd7 11. Bh3 $6 {Spectaculaire mais probablement incorrect} (11. dxc5
Bxc5 12. Bb5 Nc6 13. Nxg6 (13. Bd2 $11) 13... hxg6 $11) 11... Qxh3 12. Qxb7 Bd6
$1 {[%csl Rg3]} 13. Nxg6 {24""} (13. Qxa8 Bxg3+ $1) 13... hxg6 {38""} 14. Bd2
O-O 15. Qxa8 Qd7 16. dxc5 {35""} Bxc5 17. Na4 Na6 18. Nxc5 Nxc5 19. Qxf8+ Kxf8
20. Bc3 Qb5 21. O-O-O Nd3+ 0-1

[Event "Rohde op 10th"]
[Site "Sautron"]
[Date "2010.10.30"]
[Round "9"]
[White "Ivanov, Jordan"]
[Black "Bailet, Pierre"]
[Result "1-0"]
[WhiteElo "2437"]
[BlackElo "2432"]
[Annotator "Primel,D"]
[PlyCount "45"]
[EventDate "2010.10.23"]
[EventType "swiss"]
[EventRounds "9"]
[EventCountry "FRA"]
[SourceTitle "EXT 2012"]
[Source "ChessBase"]
[SourceDate "2011.11.24"]
[SourceVersion "1"]
[SourceVersionDate "2011.11.24"]
[SourceQuality "1"]

1. d4 d5 2. c4 c6 3. Nf3 Nf6 4. e3 Bf5 5. Nc3 e6 6. Nh4 Bg4 (6... Be4) (6...
Bg6) 7. Qb3 Qb6 (7... Qc7 8. h3 $14) 8. h3 {Même si le centre n'est pas encore
ouvert, le gain de la paire de B donne en général une initiative durable aux
Blancs} Bh5 9. g4 Bg6 10. Nxg6 hxg6 11. g5 $5 (11. Bg2 {La ligne principale
mais le coup intermédaire g4g5 est devenu assez populaire depuis quelques
années}) 11... Nfd7 (11... Ng8 {L'alternative mais on peut comprendre les
réticences de Pierre а jouer un coup aussi passif} 12. e4 $1 {[%csl Gc1,Gf1]
L'ouverture du centre profite aux blancs qui ont la paire de B et une légère
avance de développement.} (12. Bd2) (12. c5 $5 Qc7 13. e4 $1 Nd7 14. exd5 exd5
15. Ne2 Ne7 16. Bf4 $36 {[%cal Gf4c7];Dizdar,G (2525)-Mueller,K (2518) AUT-chT
0203 2002 (3.5) 0-1}) 12... dxe4 13. Nxe4 Na6 {Barsov,A (2521)-Cifuentes
Parada,R (2483) NED-chT Netherlands 2000 (1) 1/2}) (11... Nh5 12. e4 $16 {
[%csl Rh5]} dxe4 (12... Qxd4 13. Be3 $18)) 12. e4 $36 (12. Bd2 $5 {[%cal Ge1c1]
}) (12. c5 Qc7 (12... Qxb3 $143 13. axb3 $14 {[%csl Ga1][%cal Gb3b4,Gb4b5]})
13. f4 {[%csl Ge5];Ekstroem,R (2496)-Kosteniuk,A (2519) SUI-ch Lenzerheide
2010 (4) 0-1} (13. e4 $14)) (12. Qc2 $5 Be7 13. f4 Na6 14. c5 Qc7 15. Bd2 $14 {
Avrukh}) 12... dxe4 (12... e5 $5 $146 {Cette nouveauté mériterait un essai
pratique car les Noirs semblent OK} 13. exd5 (13. dxe5 d4 $132) (13. cxd5 exd4
$132) 13... exd4 $132) 13. Qxb6 $5 $146 ({RR} 13. Be3 {RR} e5 ({RR} 13... Rh4
14. Bg2 Bb4 15. O-O-O Bxc3 16. Qxc3 Qa6 17. Kb1 Nb6 ({RR} 17... f5 18. gxf6
gxf6 19. d5 cxd5 20. cxd5) 18. b3 N8d7 19. Bc1 f5 ({RR} 19... O-O-O 20. Rhe1)
20. gxf6 gxf6 21. Rhe1 O-O-O 22. Rxe4) 14. O-O-O exd4 15. Rxd4 Qxb3 16. Rxe4+
Be7 17. axb3 Na6 {1/2-1/2 Ehlvest,J (2600)-Gurevich,M (2649)/Kocaeli 2002/CBM
089 ext}) 13... axb6 14. Nxe4 $36 Bb4+ (14... Rh4 $142 {[%cal Gh4d4]} 15. Bg2
Na6 {[%cal Ga6b4,Gb4c2]} 16. Be3 Nb4 {[%cal Gb4a2,Gb4c2]} 17. Kd2 $1 $14) 15.
Ke2 $1 {[%cal Gf1g2]} (15. Bd2 Na6 $32) 15... e5 16. Be3 exd4 $6 (16... Na6 17.
h4 $14) 17. Bxd4 {[%csl Gd4][%cal Gd4g7]} Rh4 18. Bg2 $16 {[%csl Gd4,Gg2]} Nc5
$6 (18... Na6 $142 {Il vallait mieux terminer le développement} 19. Bxg7 Be7
$13 {[%cal Ga6b4]}) 19. a3 Nb3 $2 (19... Nxe4 $142 20. axb4 Rxa1 21. Rxa1 {
[%csl Rb8][%cal Ga1a8]} Nd7 22. Be3 $16 {[%csl Ge3,Gg2]}) 20. Rad1 $1 $32 {
[%csl Ra8,Rb3,Rb4,Rb8] Toutes les pièces blanches sont centralisées alors que
celles de Pierre sont non seulement en retard de développement mais surtout
mal coordonnées.} Bf8 $6 {Qui а perdre un P, il vallait mieux donner le P"g7"
pour fermer la colonne "e" et éviter le menace de découverte Rhe1} (20... Be7
$142 21. Bxg7 Nd7 22. Rhe1) 21. Bxb6 (21. Kf3 $5 {[%csl Re8][%cal Gf3g3,Gh1e1]}
Nxd4+ (21... Nd7 22. Rhe1 $40 {[%cal Ge1e8,Ge4f6]}) 22. Rxd4 $40 {[%csl Re8]
[%cal Gh1d1]}) 21... Nd7 22. Bc7 {[%csl Gc7,Re8,Gg2] La paire de B domine
l'échiquier et la position des Noirs est assez critique} Ra4 $2 (22... Ndc5 23.
Rhe1 Nxe4 24. Kf1 Be7 25. Bxe4 Kf8 {[%csl Rg5,Rh3] La position reste jouable})
23. Rhe1 {[%cal Ge1e8]} 1-0

[Event "URS-chT Cup 11th"]
[Site "Rostov on Don"]
[Date "1980.05.??"]
[Round "1"]
[White "Vaganian, Rafael A"]
[Black "Palatnik, Semon"]
[Result "1/2-1/2"]
[WhiteElo "2600"]
[BlackElo "2505"]
[Annotator "RR"]
[PlyCount "58"]
[EventDate "1980.05.23"]
[EventType "team-tourn"]
[EventRounds "7"]
[EventCountry "URS"]
[SourceTitle "EXT 2020"]
[Source "ChessBase"]
[SourceDate "2019.10.17"]
[SourceVersion "1"]
[SourceVersionDate "2019.10.17"]
[SourceQuality "1"]
[WhiteTeam "Spartak"]
[BlackTeam "Country Societies"]
[WhiteTeamCountry "URS"]
[BlackTeamCountry "URS"]

1. d4 d5 2. c4 c6 3. Nf3 Nf6 4. e3 Bf5 5. cxd5 (5. Nc3) 5... cxd5 6. Nc3 e6 7.
Ne5 Nfd7 8. Qa4 $5 $146 {[%csl Rf5][%cal Ga4e8]} (8. g4 $5 {Shamkovich,L-Keres,
P Moscow-3teams 1973 (5.9) 0-1}) 8... Bd6 $1 (8... Be7 9. Bb5) 9. Nb5 Be7 10.
g4 Bg6 11. h4 {[%csl Rg6][%cal Gh4h5]} Nc6 12. Nxc6 bxc6 13. Nc3 h5 $1 $11 14.
gxh5 Rxh5 15. Qxc6 Rc8 16. Qa6 Bxh4 17. Rg1 Bxf2+ 18. Kxf2 Rh2+ 19. Rg2 Qh4+
20. Ke2 {[%csl Ge4]} Rxc3 $3 {Un joli sacrifice de qualité pour gagner le
contrôle de la case "e4" mais les noirs n'ont probablement pas de gain malgré
la position exposée du K} 21. bxc3 Bh5+ 22. Kd3 Qe4+ 23. Kd2 Rxg2+ 24. Bxg2
Qxg2+ 25. Ke1 Qg3+ 26. Kf1 Qf3+ 27. Kg1 Qg3+ 28. Kf1 Qh3+ 29. Ke1 Qg3+ {
[%mdl 512]} 1/2-1/2

[Event "Poikovsky Karpov 17th"]
[Site "Poikovsky"]
[Date "2016.07.24"]
[Round "2"]
[White "Bologan, Viktor"]
[Black "Korobov, Anton"]
[Result "0-1"]
[WhiteElo "2654"]
[BlackElo "2656"]
[Annotator "RR"]
[PlyCount "48"]
[EventDate "2016.07.23"]
[EventType "tourn"]
[EventRounds "9"]
[EventCountry "RUS"]
[EventCategory "18"]
[SourceTitle "CBM 174"]
[Source "ChessBase"]
[SourceDate "2016.09.13"]
[SourceVersion "1"]
[SourceVersionDate "2016.09.13"]
[SourceQuality "1"]

1. d4 Nf6 2. c4 c6 3. Nf3 d5 4. e3 Bf5 5. Nc3 e6 6. Nh4 Be4 7. f3 Bg6 8. Qb3
Qc7 9. Bd2 Be7 10. g3 Bh5 11. e4 $6 dxe4 12. fxe4 O-O (12... Na6) 13. e5 Nfd7
14. Bg2 f6 15. c5 Bf7 16. O-O fxe5 17. Bh3 Bxh4 18. Rxf7 Rxf7 19. Bxe6 Nf8 20.
Bc4 Bf6 $2 (20... Qd7) 21. Ne4 $1 Ng6 $2 (21... b5 22. cxb6 axb6 23. dxe5 b5
24. Bxf7+ Qxf7 25. Qxf7+ Kxf7 26. exf6 gxf6 $14) 22. Nd6 $18 Nh8 23. dxe5 Bxe5
24. Rf1 $4 (24. Re1 $1 Bd4+ (24... Bxd6 25. cxd6 $18) 25. Be3 $1 Bxe3+ 26. Qxe3
Nd7 27. Nxf7 Nxf7 28. Qe7 Rf8 29. Rf1 $18) 24... Bxd6 (24... Bxd6 25. cxd6 Qb6+
$19) 0-1